Normal view
MARC view
- Timothy P.Lodge,Paul C.hiemenz
Entry Personal Name
001 - CONTROL NUMBER
- control field: 92088
003 - CONTROL NUMBER IDENTIFIER
- control field: NUST
005 - DATE AND TIME OF LATEST TRANSACTION
- control field: 20220627113352.0
008 - FIXED-LENGTH DATA ELEMENTS
- fixed length control field: 220627|| aca||aabn | a|a d
040 ## - CATALOGING SOURCE
- Original cataloging agency: NUST
- Transcribing agency: NUST
100 ## - HEADING--PERSONAL NAME
- Personal name: Timothy P.Lodge,Paul C.hiemenz
670 ## - SOURCE DATA FOUND
- Source citation: Work cat.: (NUST): Timothy P.Lodge,Paul C.hiemenz, Polymer chemistry , 2020
